Statistics for Garbled Proverbs

Click here to take the quiz!

General Stats

  • This quiz has been taken 9,154 times
  • The average score is 10 of 15

Answer Stats

HintAnswer% Correct
Wetter gate then feverBetter late than never
98%
Too prongs won't fake I lightTwo wrongs don't make a right
90%
Too beads art wetter thin oreTwo heads are better than one
84%
Bester sane then worryBetter safe than sorry
78%
She earls bard latches tie warmThe early bird catches the worm
75%
Where's so plane lake RomeThere's no place like home
75%
Ease home, ease toEasy come, easy go
63%
Yon read that yon sawYou reap what you sow
61%
I hatched poo lever toilsA watched pot never boils
59%
Treat winds chink aliveGreat minds think alike
56%
Won't kite she band chat feels yonDon't bite the hand that feeds you
54%
Don's fudge I look my ins covetDon't judge a book by its cover
51%
Food thinks some so these why wantGood things come to those who wait
45%
Ail it fain on cove any wayAll is fair in love and war
43%
Chat toes um mush home dawnWhat goes up must come down
35%

Score Distribution

Percentile by Number Answered

Percent of People with Each Score

Your Score History

You have not taken this quiz